Medical terminology : (Record no. 18952)
[ view plain ]
| 000 -LEADER | |
|---|---|
| fixed length control field | 01093cam a22003135a 4500 |
| 001 - CONTROL NUMBER | |
| control field | 016563627 |
| 003 - CONTROL NUMBER IDENTIFIER | |
| control field | OSt |
| 005 - DATE AND TIME OF LATEST TRANSACTION | |
| control field | 20150921151922.0 |
| 008 - FIXED-LENGTH DATA ELEMENTS--GENERAL INFORMATION | |
| fixed length control field | 131113t2014 enka frb 001 0 eng d |
| 020 ## - INTERNATIONAL STANDARD BOOK NUMBER | |
| International Standard Book Number | 9781292040172 (paperback) |
| 020 ## - INTERNATIONAL STANDARD BOOK NUMBER | |
| International Standard Book Number | 1292040173 (paperback) |
| 040 ## - CATALOGING SOURCE | |
| Original cataloging agency | UkOxU |
| Language of cataloging | eng |
| Transcribing agency | UkOxU |
| Modifying agency | Uk |
| -- | EG-ScBUE |
| 082 04 - DEWEY DECIMAL CLASSIFICATION NUMBER | |
| Classification number | 610.14 |
| Edition number | 22 |
| Item number | FRU |
| 100 1# - MAIN ENTRY--PERSONAL NAME | |
| Personal name | Frucht, Suzanne S. |
| 9 (RLIN) | 37359 |
| 245 10 - TITLE STATEMENT | |
| Title | Medical terminology : |
| Remainder of title | get connected ! / |
| Statement of responsibility, etc | Suzzane S. Frucht. |
| 250 ## - EDITION STATEMENT | |
| Edition statement | 1st ed., Pearson new international ed. |
| 260 ## - PUBLICATION, DISTRIBUTION, ETC. (IMPRINT) | |
| Place of publication, distribution, etc | Harlow : |
| Name of publisher, distributor, etc | Pearson Education Limited, |
| Date of publication, distribution, etc | c.2014. |
| 300 ## - PHYSICAL DESCRIPTION | |
| Extent | iii, 458 p. : |
| Other physical details | ill. (col.) ; |
| Dimensions | 28 cm. |
| 490 1# - SERIES STATEMENT | |
| Series statement | Pearson custom library |
| 500 ## - GENERAL NOTE | |
| General note | Index : p. 449-458. |
| 500 ## - GENERAL NOTE | |
| General note | Publication date from publisher's website. |
| 500 ## - GENERAL NOTE | |
| General note | Adapted from the standard first edition, ©2012. |
| 504 ## - BIBLIOGRAPHY, ETC. NOTE | |
| Bibliography, etc | Includes bibliographical references. |
| 650 #7 - SUBJECT ADDED ENTRY--TOPICAL TERM | |
| Topical term or geographic name as entry element | Medicine |
| Form subdivision | Terminology. |
| 9 (RLIN) | 23964 |
| Source of heading or term | BUEsh |
| 651 ## - SUBJECT ADDED ENTRY--GEOGRAPHIC NAME | |
| Source of heading or term | BUEsh |
| 653 ## - INDEX TERM--UNCONTROLLED | |
| Resource For college | Pharmacy |
| Arrived date list | February2015 |
| -- | August2015 |
| -- | September2015 |
| 830 #0 - SERIES ADDED ENTRY--UNIFORM TITLE | |
| Uniform title | Pearson custom library |
| 9 (RLIN) | 34961 |
| 942 ## - ADDED ENTRY ELEMENTS (KOHA) | |
| Source of classification or shelving scheme | Dewey Decimal Classification |
| Call number prefix | 610.14 FRU |
| Withdrawn status | Lost status | Source of classification or shelving scheme | Damaged status | Not for loan | Koha collection | Home library | Current library | Shelving location | Date acquired | Source of acquisition | Cost, normal purchase price | Serial Enumeration / chronology | Total Checkouts | Full call number | Barcode | Date last seen | Date last borrowed | Cost, replacement price | Koha item type | Total Renewals |
|---|---|---|---|---|---|---|---|---|---|---|---|---|---|---|---|---|---|---|---|---|
| Dewey Decimal Classification | Baccah | Central Library | Central Library | First floor | 10/02/2015 | Purchase | 250.00 | 21291 | 1 | 610.14 FRU | 000037382 | 15/07/2025 | 27/09/2018 | 313.00 | Book - Borrowing | |||||
| Dewey Decimal Classification | Baccah | Central Library | Central Library | First floor | 31/08/2015 | Purchase | 407.00 | 23317 | 3 | 610.14 FRU | 000039051 | 15/07/2025 | 14/09/2017 | 508.00 | Book - Borrowing | 1 |